15 choses interdites en Corée du Nord - Statistiques

Statistiques générales
  • Ce quiz a été pris 116 fois
  • Le résultat moyen est 2 sur 15
Statistiques - réponses
Hint Réponse % Correct
9 Internet
57%
11 Télévision occidentale
51%
10 Voiture
30%
4 Blue jeans
27%
13 Bible
15%
2 Coca-Cola
9%
3 Coiffures extravagantes
9%
5 Appels internationaux
2%
6 Concerts internationaux
2%
1 Noël
2%
12 Préservatifs
2%
15 Tampons
2%
14 Vacances à l’étranger
2%
7 Magazines occidentaux
1%
8 Starbucks
1%
Aucun quiz correspondant
Distribution des résultats
% des personnes avec chaque résultat
Percentile par nombre de réponses
Votre historique - résultats
Vous n’avez pas pris ce quiz